| 000 | 01251nam0a22003251 4500 | ||
|---|---|---|---|
| 001 | rc\3153289 | ||
| 005 | 20120615103909.6 | ||
| 021 |
_aRU _b[76-39888] |
||
| 035 | _a(NLR Aleph) 007322693 | ||
| 090 |
_a5926619 _c5926619 |
||
| 100 | _a20120615d1976 |||y0rusy50 ca | ||
| 101 | 0 |
_arus _aeng |
|
| 102 | _aRU | ||
| 105 | _aa z ||||| | ||
| 200 | 1 |
_aО Владимире Ильиче Ленине _eКнига для чтения на англ. яз. для учащихся ст. классов сред. школы _fН.К. Крупская _gПер., коммент. и словарь М.Е. Бирман |
|
| 205 | _a2-е изд. | ||
| 210 |
_aМосква _cПросвещение _d1976 |
||
| 215 |
_a127 с. _cил. _d20 |
||
| 225 | 1 | _aЧитаем по-английски | |
| 300 | _aОбл. англ. с загл.: Reminiscences of V.I. Lenin | ||
| 512 | 0 | _aReminiscences of V.I. Lenin | |
| 600 | 1 |
_aЛенин _2psbo |
|
| 700 | 1 |
_aКрупская _bН. К. _gНадежда Константиновна |
|
| 702 | 1 |
_aБирман _bМ. Е. _4730 _4212 |
|
| 702 | 1 |
_aЛенин _bВ. И. _gВладимир Ильич _4570 |
|
| 801 | 0 |
_aRU _bNLR _gpsbo |
|
| 801 | 1 |
_aRU _bELAR _2rusmarc |
|
| 852 |
_aNLR _j76-3/6959 |
||
| 942 | _cBOOK | ||
| 980 | _aNB | ||